LIBRARY & INFORMATION CENTRE, KCAET, TAVANUR

ONLINE PUBLIC ACCESS CATALOGUE (OPAC)

Operations research:Principles and problems / (Record no. 10357)

MARC details
000 -LEADER
fixed length control field 00391cam a2200145ua 4500
041 ## - LANGUAGE CODE
Language code of text/sound track or separate title eng
082 ## - DEWEY DECIMAL CLASSIFICATION NUMBER
Classification number 658.4034
Item number DHA/OP
100 ## - MAIN ENTRY--AUTHOR NAME
Personal name Dharani, Venkatakrishnan .
245 ## - TITLE STATEMENT
Title Operations research:Principles and problems /
260 ## - PUBLICATION, DISTRIBUTION, ETC. (IMPRINT)
Place of publication :
Name of publisher Coimbatore ,
Year of publication 1990.
300 ## - PHYSICAL DESCRIPTION
Number of Pages 411 ; .
942 ## - ADDED ENTRY ELEMENTS (KOHA)
Koha item type Books
Holdings
Withdrawn status Lost status Damaged status Home library Current library Date acquired Full call number Accession Number Koha item type
      KAUAET KAUAET 07/04/2012 658.4034 DHA/OP 18537 Books
free website counter